Perbezaan qira'at tujuh dalam Surah al-An`am : satu kajian dari segi morfologi /
Saved in:
| 主要作者: | |
|---|---|
| 格式: | Thesis 圖書 |
| 語言: | Malay |
| 出版: |
2009.
|
| 主題: | |
| 在線閱讀: | http://studentsrepo.um.edu.my/id/eprint/1087 |
| 標簽: |
添加標簽
沒有標簽, 成為第一個標記此記錄!
|
| LEADER | 01584cam a2200337 a 4500 | ||
|---|---|---|---|
| 001 | u785128 | ||
| 003 | SIRSI | ||
| 005 | 201001201604 | ||
| 008 | 100120s2009 my t 000 0 may m | ||
| 040 | |a UMM |d UMB |d AUM |e rda | ||
| 090 | |a PB12 |b UMP 2009 Mohsmn | ||
| 093 | |a PB12 |b UMP 2009 Mohsmn | ||
| 100 | 0 | |a Mohd Sharani Mohd Naim. | |
| 245 | 1 | 0 | |a Perbezaan qira'at tujuh dalam Surah al-An`am : |b satu kajian dari segi morfologi / |c Mohd Sharani Mohd Naim. |
| 260 | |c 2009. | ||
| 300 | |a xxxi, 438 leaves : |b ill. ; |c 30 cm. | ||
| 502 | |a Thesis (Ph.D) -- Jabatan Bahasa Arab dan Bahasa-Bahasa Timur Tengah, Fakulti Bahasa dan Linguistik, Universiti Malaya, 2009. | ||
| 504 | |a Bibliography: leaves 399-412. | ||
| 530 | |a Also issued in CD. | ||
| 630 | 0 | 0 | |a al-Qur'an. |p Surat al-An`am |x Language, style. |
| 630 | 0 | 0 | |a al-Qur'an. |p Surat al-An`am |x Criticism, interpretation, etc. |
| 630 | 0 | 0 | |a al-Qur'an |x Recitation. |
| 630 | 0 | 0 | |a al-Qur'an |x Readings. |
| 650 | 0 | |a Arabic language |x Morphology. | |
| 710 | 2 | |a Universiti Malaya. |b Jabatan Bahasa Arab dan Bahasa-bahasa Timur Tengah. | |
| 856 | 4 | 1 | |u http://studentsrepo.um.edu.my/id/eprint/1087 |
| 900 | |a SJMK-ZA | ||
| 596 | |a 1 6 25 | ||
| 999 | |a PB12 UMP 2009 MOHSMN |w LC |c 1 |i A513759221 |d 11/10/2018 |e 11/10/2018 |f 11/3/2010 |g 1 |l STACKS |m P01UTAMA |n 11 |r Y |s Y |t TESIS |u 11/3/2010 | ||
| 999 | |a PB12 UMP 2009 MOHSMN |w LC |c 1 |i A514307007 |d 4/12/2014 |e 4/12/2014 |f 26/3/2010 |g 1 |l STACKS |m P06BAHASA |n 3 |r Y |s Y |t TESIS |u 24/3/2010 | ||
| 999 | |a PB12 UMP 2009 MOHSMN |w LC |c 1 |i A517297312 |f 10/4/2023 |g 1 |l STACKS |m P25UMARCHI |r N |s Y |t CD |u 10/4/2023 |1 AHSS |o .STAFF. MST-CD2217 | ||
